| 000 | 00687nam a2200229 a 4500 | ||
|---|---|---|---|
| 001 | 000030813 | ||
| 005 | 20200930062527.0 | ||
| 008 | 110530s1982 dr 000 0 spa d | ||
| 040 |
_aDO-SdBNP _bspa _cBNPHU |
||
| 082 |
_a843 _bS137p |
||
| 100 | 1 |
_aSaint-Exupêry, Antoine de, _d1900-1944 _913810 |
|
| 245 | 1 | 3 |
_aEl principito / _cAntoine de Saint-Exupêry. |
| 260 |
_aSanto Domingo : _bAlfa & Omega, _c1982. |
||
| 300 |
_a99 p. ; _c18 cm. |
||
| 490 | 1 | _aClani | |
| 650 | 4 |
_aCuentos franceses _913634 |
|
| 650 | 4 |
_aLiteratura infantil francesa _957364 |
|
| 650 | 4 |
_aLiteratura francesa _91074 |
|
| 830 | 0 |
_aClani _957365 |
|
| 910 | _aValidado. Control de calidad MFF | ||
| 049 | _aBNPD | ||
| 999 |
_c30305 _d30305 |
||